'F' Sorting Gallery Quiz Stats

 Plays Quiz Updated Mar 2, 2020

     
Support Sporcle.
Go Orange.
Score 0/55 Timer 04:00
1 Play Today
% Correct
Falcon
98.1%
Ferret
97.6%
Frog
97.4%
Fox
96.8%
Flamingo
96.5%
Family Guy
93.8%
Forrest Gump
93.4%
Finding Neverland
92.5%
The Flintstones
92.5%
Flying Snake
92.4%
Fiddler on the Roof
91.9%
Field of Dreams
91.3%
Fatal Attraction
91%
French Bulldog
90.8%
Frankfurt
90.8%
Florence
90.5%
Finch
90.4%
The Full Monty
90.1%
Friends
90.1%
The French Connection
89.7%
Ford v Ferrari
88.6%
Futurama
88%
Fermium
86.8%
Finnish
86.3%
Flerovium
85.4%
Freetown
85.3%
Fluorine
85.1%
Francium
85%
% Correct
Fencing
84.9%
Florida
84.8%
Frasier
84.8%
Frigatebird
83%
Football
81.2%
French
80.6%
Faulkner
80.5%
Fresno
79.7%
Freyja
78.5%
Funny Girl
76.8%
Freyr
75.4%
Fjorgyn
73.1%
Flipper
72.2%
Faroese
68.3%
Frigga
65.4%
Franco-Provençal
62.4%
Frisian
60.9%
Fukuoka
57.3%
Fortaleza
53.9%
Fringe
48.6%
Fès
44.9%
Funchal
38%
Fulla
37.3%
Fo
31.1%
Fossa
30.5%
France
26%
Forseti
20.7%

From the Vault

Movies at the Half-Hour Mark (X-Mas)

by Year_of_Glad

Movies 5m
It's a holiday movie marathon.
Remove Ads.
Support Sporcle.
Get the best of Sporcle when you Go Orange. This ad-free experience offers more features, more stats, and more fun while also helping to support Sporcle. Thank you for becoming a member.

Show Comments

Extras

Top Quizzes Today


Score Distribution

Your Account Isn't Verified!

In order to create a playlist on Sporcle, you need to verify the email address you used during registration. Go to your Sporcle Settings to finish the process.

Report this User

Report this user for behavior that violates our Community Guidelines.

Details: